| 000 | 01641cab a2200229 4500 | ||
|---|---|---|---|
| 001 | L130539 | ||
| 008 | 050810n2005 000 0 eng u | ||
| 035 | _a(Sirsi) u130539 | ||
| 041 | _aeng | ||
| 245 | _aMayor and Burgesses of the London Borough of Tower Hamlets v Alfred Eugene Barrett, Valerie Anne Barrett | ||
| 260 | _c2005 | ||
| 520 | _a[2005] EWCA Civ 923, 19 July 2005. Considers whether a land acquired by adverse possession by a tenant is presumed to be included in the sale of the land associated with that tenancy. B and his wife appealed against a decision that they should give up possession of land adjacent to their pub claiming that, as tenants of a pub prior to purchasing the freehold, they had enclosed the adjoining site and started building on it. "Held": appeal allowed as B's occupation of had satisfied the requirement of intention to possess; an acknowledgement of the freeholder's title to the land had been given by the landlord and not B as the person in possession of the land; and that a tenant can acquire possessory title for their landlord, whilst as the land had been included in B's tenancy it could be presumed to be included in the sale. | ||
| 590 | _aIKA160805 | ||
| 650 | _aTOWER HAMLETS LBC V BARRETT AND ANOTHER | ||
| 650 | _aKINGSMILL V MILLARD | ||
| 650 | _aSMIRK V LYNDALE DEVELOPMENTS LTD | ||
| 650 | _aWHITMORE V HUMPHRIES | ||
| 650 | _aATTORNEY GENERAL V TOMLINE | ||
| 690 | _aPROPERTY-PROPERTY ACQUISITION AND DISPOSAL | ||
| 856 |
_uhttps://www.bailii.org/cgi-bin/markup.cgi?doc=/ew/cases/EWCA/Civ/2005/923.html _zView the item free of charge at www.bailii.org... |
||
| 942 | _n0 | ||
| 999 |
_c75685 _d75685 |
||